000 nam a22 7a 4500
999 _c28587
_d28587
008 170309b xxu||||| |||| 00| 0 eng d
020 _a9780495392767
050 _aQA 39.3 .S74 2007
100 _aStewart, James
245 _aPrecalculus mathematics for calculus /
_cJames Steward, Lothart Redlin and Saleem Watson
250 _a5th ed.
260 _aBelmont :
_bThomson Brooks/cole,
_c2007.
300 _axxv, 933p. :
_bill. ;
500 _aincludes index
700 _aRedlin, Lothar
700 _aWatson, Saleem
942 _2lcc
_cBOOKS
_hQA 39.3 .S74 2007